[Event "2nd Irena Warakomska Memorial-A"]
[Site "Suwalki"]
[Date "2018.08.05"]
[Round "6"]
[White "Lisowski, Krzysztof"]
[Black "Ocytko, Andrzej"]
[Result "1/2-1/2"]
[WhiteElo "2072"]
[BlackElo "2155"]
[Annotator "NA"]
[PlyCount "111"]
[EventDate "2018.08.01"]
[EventType "swiss"]
[EventCountry "POL"]
[SourceTitle "playchess.com"]
[Source "ChessBase"]
[SourceQuality "1"]
[TimeControl "40/5400+30:1800+30"]

1. e4 {[%emt 0:00:00]} e5 {[%emt 0:00:00]} 2. Nf3 {[%emt 0:00:00]} Nc6 {[%emt 0:01:00]} 3. Bc4 {[%emt 0:00:07]} Bc5 {[%emt 0:00:11]} 4. c3 {[%emt 0:00:09]} Nf6 {[%emt 0:00:06]} 5. d4 {[%emt 0:00:21]} exd4 {[%emt 0:00:28]} 6. e5 {[%emt 0:00:37]} d5 {[%emt 0:00:25]} 7. Be2 {[%emt 0:00:09]} Ne4 {[%emt 0:02:05]} 8. cxd4 {[%emt 0:00:08]} Be7 {[%emt 0:01:07]} 9. Nc3 {[%emt 0:04:50]} O-O {[%emt 0:01:24]} 10. O-O {[%emt 0:00:22]} Be6 11. Be3 {[%emt 0:09:37]} f5 {[%emt 0:08:57]} 12. exf6 {[%emt 0:02:30]} Bxf6 13. Rc1 {[%emt 0:23:09]} a6 {[%emt 0:15:19]} 14. Bd3 {[%emt 0:00:36]} Nxc3 {[%emt 0:11:57]} 15. bxc3 Qd7 16. Ne5 {[%emt 0:16:27]} Nxe5 {[%emt 0:13:34]} 17. dxe5 Bxe5 18. Bxh7+ {[%emt 0:03:49]} Kxh7 {[%emt 0:00:43]} 19. Qh5+ {[%emt 0:00:05]} Kg8 {[%emt 0:00:07]} 20. Qxe5 Rae8 {[%emt 0:05:26]} 21. Rfd1 {[%emt 0:10:36]} c6 22. Qg3 Rc8 {[%emt 0:23:04]} 23. Bc5 {[%emt 0:12:10]} Rfe8 {[%emt 0:00:15]} 24. Re1 {[%emt 0:06:09]} Bf5 25. h4 {[%emt 0:02:37]} Qf7 {[%emt 0:04:14]} 26. f3 Bg6 {[%emt 0:04:45]} 27. Qf2 {[%emt 0:04:40]} Rxe1+ {[%emt 0:00:53]} 28. Rxe1 {[%emt 0:00:06]} Re8 {[%emt 0:00:00]} 29. Rxe8+ {[%emt 0:01:22]} Qxe8 30. Qg3 {[%emt 0:00:41]} Kh7 {[%emt 0:00:35]} 31. Kh2 Qd8 {[%emt 0:01:26]} 32. Bd4 {[%emt 0:01:50]} Qe7 {[%emt 0:00:13]} 33. Qf2 {[%emt 0:01:24]} Qa3 {[%emt 0:01:23]} 34. Qg3 {[%emt 0:00:29]} Qe7 {[%emt 0:01:12]} 35. Qf2 {[%emt 0:01:14]} Qa3 {[%emt 0:00:31]} 36. Qe3 {[%emt 0:00:41]} Qd6+ {[%emt 0:00:58]} 37. Be5 {[%emt 0:00:45]} Qe7 {[%emt 0:00:12]} 38. Qf4 Qe6 {[%emt 0:03:04]} 39. Qg5 {[%emt 0:00:44]} Qf7 {[%emt 0:02:51]} 40. h5 {[%emt 0:00:00]} Bxh5 41. Bxg7 {[%emt 0:01:47]} Qxg7 {[%emt 0:00:59]} 42. Qxh5+ Qh6 {[%emt 0:07:45]} 43. Qxh6+ {[%emt 0:02:06]} Kxh6 44. Kg3 {[%emt 0:18:19]} Kg5 {[%emt 0:02:20]} 45. f4+ {[%emt 0:06:42]} Kf5 {[%emt 0:06:01]} 46. Kf3 {[%emt 0:00:30]} c5 {[%emt 0:00:04]} 47. g4+ {[%emt 0:00:06]} Kf6 {[%emt 0:01:16]} 48. Ke3 {[%emt 0:04:09]} b5 49. Kd3 {[%emt 0:01:01]} a5 {[%emt 0:02:53]} 50. g5+ {[%emt 0:00:30]} Kf5 {[%emt 0:00:18]} 51. Kc2 a4 {[%emt 0:10:34]} 52. a3 {[%emt 0:00:35]} Kg6 {[%emt 0:03:36]} 53. Kb2 {[%emt 0:00:06]} Kf5 {[%emt 0:00:49]} 54. Kc2 {[%emt 0:00:04]} Kg6 {[%emt 0:00:10]} 55. Kb2 {[%emt 0:00:04]} Kf5 {[%emt 0:00:40]} 56. Kb1 1/2-1/2

[Event "2nd Irena Warakomska Memorial-A"]
[Site "Suwalki"]
[Date "2018.08.05"]
[Round "6"]
[White "Fiedorek, Michal"]
[Black "Tomaszewski, Roman"]
[Result "1/2-1/2"]
[WhiteElo "1970"]
[BlackElo "2258"]
[Annotator "NA"]
[PlyCount "140"]
[EventDate "2018.08.01"]
[EventType "swiss"]
[EventCountry "POL"]
[SourceTitle "playchess.com"]
[Source "ChessBase"]
[SourceQuality "1"]
[TimeControl "40/5400+30:1800+30"]

1. e4 {[%emt 0:00:00]} Nf6 {[%emt 0:00:00]} 2. e5 {[%emt 0:00:00]} Nd5 {[%emt 0:00:00]} 3. d4 {[%emt 0:00:00]} d6 {[%emt 0:00:00]} 4. c4 {[%emt 0:00:04]} Nb6 {[%emt 0:00:00]} 5. exd6 {[%emt 0:00:26]} exd6 {[%emt 0:00:04]} 6. Bd3 {[%emt 0:00:38]} Be7 {[%emt 0:00:06]} 7. Ne2 {[%emt 0:00:17]} O-O {[%emt 0:00:30]} 8. O-O {[%emt 0:00:32]} Nc6 {[%emt 0:00:50]} 9. Be3 {[%emt 0:05:23]} Nb4 {[%emt 0:01:06]} 10. b3 {[%emt 0:04:13]} Nxd3 {[%emt 0:03:18]} 11. Qxd3 {[%emt 0:00:06]} c6 {[%emt 0:10:25]} 12. Nbc3 {[%emt 0:01:34]} Re8 {[%emt 0:05:49]} 13. Ng3 {[%emt 0:13:20]} g6 {[%emt 0:00:43]} 14. f4 {[%emt 0:13:10]} f5 {[%emt 0:02:04]} 15. d5 {[%emt 0:07:01]} c5 {[%emt 0:02:25]} 16. Rab1 {[%emt 0:03:03]} Nd7 {[%emt 0:19:13]} 17. Rfe1 {[%emt 0:01:34]} Nf6 {[%emt 0:03:49]} 18. h3 {[%emt 0:05:50]} Bf8 {[%emt 0:03:09]} 19. Bd2 {[%emt 0:06:44]} Bd7 {[%emt 0:07:45]} 20. Kh2 {[%emt 0:02:32]} a6 {[%emt 0:06:16]} 21. b4 {[%emt 0:08:39]} Rxe1 {[%emt 0:18:49]} 22. Bxe1 {[%emt 0:00:05]} Qc7 {[%emt 0:02:34]} 23. Bf2 {[%emt 0:06:17]} Rc8 {[%emt 0:03:27]} 24. b5 {[%emt 0:03:25]} axb5 {[%emt 0:00:14]} 25. Nxb5 {[%emt 0:00:13]} Qa5 {[%emt 0:00:40]} 26. Qc2 {[%emt 0:06:19]} Ra8 {[%emt 0:00:59]} 27. Nc3 {[%emt 0:00:11]} Qa6 {[%emt 0:00:23]} 28. Qb3 {[%emt 0:00:44]} Rb8 {[%emt 0:01:33]} 29. Nf1 {[%emt 0:03:35]} Bh6 {[%emt 0:01:47]} 30. g3 {[%emt 0:00:21]} Re8 {[%emt 0:00:46]} 31. Nd2 {[%emt 0:00:33]} Bc8 {[%emt 0:01:18]} 32. Re1 {[%emt 0:01:50]} Rxe1 {[%emt 0:00:47]} 33. Bxe1 {[%emt 0:00:03]} Bd7 {[%emt 0:00:29]} 34. Kg2 {[%emt 0:00:57]} Bg7 {[%emt 0:00:19]} 35. Kh2 {[%emt 0:05:10]} Ne8 {[%emt 0:00:20]} 36. Ndb1 {[%emt 0:00:46]} Nc7 {[%emt 0:02:06]} 37. Na3 {[%emt 0:00:04]} Kf7 {[%emt 0:01:34]} 38. Nab5 {[%emt 0:01:09]} Bxb5 {[%emt 0:01:13]} 39. cxb5 {[%emt 0:01:18]} Qa5 {[%emt 0:00:05]} 40. a4 {[%emt 0:00:00]} Qb4 {[%emt 0:00:00]} 41. Qxb4 {[%emt 0:07:36]} cxb4 {[%emt 0:01:28]} 42. b6 {[%emt 0:00:18]} Na6 {[%emt 0:23:25]} 43. Nb1 {[%emt 0:01:11]} Bd4 {[%emt 0:02:17]} 44. a5 {[%emt 0:00:47]} b3 {[%emt 0:01:09]} 45. Kg2 {[%emt 0:01:13]} Bc5 {[%emt 0:00:02]} 46. Kf3 {[%emt 0:03:31]} Ke7 {[%emt 0:01:00]} 47. Ke2 {[%emt 0:01:38]} b2 {[%emt 0:01:01]} 48. Kd3 {[%emt 0:02:07]} Kd8 {[%emt 0:00:49]} 49. Kc4 {[%emt 0:00:57]} h5 {[%emt 0:00:10]} 50. Kb3 {[%emt 0:04:10]} h4 {[%emt 0:00:56]} 51. g4 {[%emt 0:01:07]} Kd7 {[%emt 0:00:37]} 52. gxf5 {[%emt 0:03:51]} gxf5 {[%emt 0:00:01]} 53. Bxh4 {[%emt 0:01:48]} Bb4 {[%emt 0:00:16]} 54. Bf6 {[%emt 0:03:27]} Bxa5 {[%emt 0:00:36]} 55. h4 {[%emt 0:01:28]} Ke8 {[%emt 0:00:07]} 56. h5 {[%emt 0:01:10]} Kf7 {[%emt 0:00:25]} 57. Bxb2 {[%emt 0:00:06]} Bxb6 {[%emt 0:00:16]} 58. Ba3 {[%emt 0:01:07]} Bc5 {[%emt 0:01:32]} 59. Kc4 {[%emt 0:00:24]} Kg7 {[%emt 0:00:05]} 60. Bxc5 {[%emt 0:02:26]} Nxc5 {[%emt 0:00:01]} 61. Nc3 {[%emt 0:00:07]} Kh6 {[%emt 0:00:06]} 62. Nb5 {[%emt 0:00:52]} Ne4 {[%emt 0:00:01]} 63. Nd4 {[%emt 0:00:38]} Kxh5 {[%emt 0:02:51]} 64. Nxf5 {[%emt 0:00:03]} Kg4 {[%emt 0:00:06]} 65. Nxd6 {[%emt 0:00:38]} Nxd6+ {[%emt 0:00:22]} 66. Kc5 {[%emt 0:00:03]} Nc8 {[%emt 0:01:14]} 67. d6 {[%emt 0:00:23]} Nxd6 {[%emt 0:00:25]} 68. Kxd6 {[%emt 0:00:14]} Kxf4 {[%emt 0:00:34]} 69. Kc5 {[%emt 0:00:13]} b5 {[%emt 0:00:00]} 70. Kxb5 {[%emt 0:00:06]} Ke5 1/2-1/2

[Event "2nd Irena Warakomska Memorial-A"]
[Site "Suwalki"]
[Date "2018.08.06"]
[Round "7"]
[White "Ovsejevitsch, Sergei"]
[Black "Kosakowski, Jakub"]
[Result "1/2-1/2"]
[WhiteElo "2597"]
[BlackElo "2361"]
[Annotator "TA"]
[PlyCount "92"]
[EventDate "2018.08.01"]
[EventType "swiss"]
[EventCountry "POL"]
[SourceTitle "playchess.com"]
[Source "ChessBase"]
[SourceQuality "1"]

{[%evp 20,92,10,0,0,0,12,0,18,18,18,0,8,8,8,8,8,8,8,0,14,16,25,6,6,6,2,2,2,2,9,4,4,2,30,26,26,9,30,9,39,39,39,37,44,30,30,30,30,30,35,26,27,26,26,27,96,26,26,26,197,0,191,188,183,177,145,58,54,20,46,0,14,0,6]} 1. Nf3 Nf6 2. c4 g6 3. Nc3 d5 4. cxd5 Nxd5 5. Qa4+ Nc6 6. Ne5 Qd6 {A16: English Opening: 1...Nf6 with ...d5} 7. Nxc6 Qxc6 8. Qxc6+ bxc6 9. b3 Bg7 10. Bb2 Nxc3 11. Bxc3 {LiveBook: 20 Games} Bxc3 12. dxc3 Be6 13. g3 (13. O-O-O a5 14. Kb2 {½-½ (44) Ni,H (2704)-Wei,Y (2734) Zaozhuang 2015}) 13... O-O-O 14. e4 $146 ({Predecessor:} 14. Bg2) 14... Rd6 15. Rd1 Rhd8 16. Ba6+ Kb8 17. Rxd6 cxd6 $11 {[%mdl 4096] Endgame KRB-KRB} 18. Ke2 Kc7 19. Ke3 Rb8 20. f4 d5 21. Rd1 dxe4 22. Kxe4 Rb6 23. Be2 c5 24. Rd2 Rd6 25. Rxd6 exd6 {KB-KB} 26. g4 f5+ 27. gxf5 gxf5+ 28. Kf3 Kd7 29. Bd1 h6 30. Bc2 Ke7 31. a3 d5 32. Kg3 Bd7 33. Bd3 Ke6 34. Kf3 a5 35. Ke3 Kd6 $1 36. Kd2 Be6 37. Bc2 Bd7 (37... Kc6 $11 {remains equal.}) 38. Ke3 ({Better is} 38. b4 $1 $16) 38... Bc8 39. Kf2 Ke6 $2 (39... Bd7 $11) 40. Ke3 $2 ({White must play} 40. b4 $1 $18) 40... Ba6 $2 {[#]} (40... Kd6 $1 $11 {and Black is okay.}) 41. Kd2 $1 $18 Bc8 42. Bd3 Kd6 {[#]} 43. Ke2 ({White should try} 43. b4 $1 $16) 43... Bd7 44. Kf2 Ke6 45. Kg3 Be8 46. Kh4 Kf6 {Precision: White = 42%, Black = 48%.} 1/2-1/2

[Event "2nd Irena Warakomska Memorial-A"]
[Site "Suwalki"]
[Date "2018.08.06"]
[Round "7"]
[White "Socko, Bartosz"]
[Black "Lewtak, Damian"]
[Result "1-0"]
[WhiteElo "2588"]
[BlackElo "2369"]
[Annotator "ChessBase"]
[PlyCount "89"]
[EventDate "2018.08.01"]
[EventType "swiss"]
[EventCountry "POL"]
[SourceTitle "playchess.com"]
[Source "ChessBase"]
[SourceQuality "1"]
[TimeControl "40/5400+30:1800+30"]

1. c4 {[%emt 0:00:03]} Nf6 {[%emt 0:00:04]} 2. Nc3 {[%emt 0:00:05]} g6 {[%emt 0:00:08]} 3. g3 {[%emt 0:00:24]} Bg7 {[%emt 0:00:21]} 4. Bg2 {[%emt 0:00:07]} O-O {[%emt 0:00:29]} 5. e4 {[%emt 0:00:12]} d6 {[%emt 0:01:06]} 6. Nge2 {[%emt 0:00:07]} c5 {[%emt 0:01:57]} 7. O-O {[%emt 0:00:23]} Nc6 {[%emt 0:00:57]} 8. d3 {[%emt 0:00:08]} Ne8 {[%emt 0:01:23]} 9. Be3 {[%emt 0:00:20]} Nc7 {[%emt 0:02:29]} 10. d4 {[%emt 0:01:04]} cxd4 {[%emt 0:07:10]} 11. Nxd4 {[%emt 0:00:20]} Nxd4 {[%emt 0:00:08]} 12. Bxd4 {[%emt 0:00:06]} Bg4 {[%emt 0:06:54]} 13. f3 {[%emt 0:02:25]} Bxd4+ {[%emt 0:00:15]} 14. Qxd4 {[%emt 0:00:06]} Bd7 {[%emt 0:00:03]} 15. f4 {[%emt 0:02:23]} b5 {[%emt 0:09:11]} 16. e5 {[%emt 0:03:58]} Ne6 {[%emt 0:00:05]} 17. Qe3 {[%emt 0:02:20]} Rb8 {[%emt 0:10:38]} 18. f5 {[%emt 0:06:27]} gxf5 {[%emt 0:01:32]} 19. exd6 {[%emt 0:00:49]} exd6 {[%emt 0:02:54]} 20. Rxf5 {[%emt 0:00:35]} Ng7 {[%emt 0:00:42]} 21. Rf2 {[%emt 0:00:52]} bxc4 {[%emt 0:02:15]} 22. Qxa7 {[%emt 0:00:08]} Be6 {[%emt 0:01:14]} 23. Rd1 {[%emt 0:06:33]} f5 {[%emt 0:07:10]} 24. Qd4 {[%emt 0:05:44]} f4 {[%emt 0:03:53]} 25. gxf4 {[%emt 0:05:57]} Nf5 {[%emt 0:00:49]} 26. Qe4 {[%emt 0:02:05]} Qf6 {[%emt 0:00:06]} 27. Qxe6+ {[%emt 0:05:20]} Qxe6 {[%emt 0:00:08]} 28. Bd5 {[%emt 0:00:04]} Kf7 {[%emt 0:03:06]} 29. Re2 {[%emt 0:01:26]} Qxd5 {[%emt 0:00:08]} 30. Rxd5 {[%emt 0:00:11]} Kf6 {[%emt 0:02:57]} 31. Kf2 {[%emt 0:14:50]} Kg6 {[%emt 0:01:47]} 32. Ne4 {[%emt 0:02:22]} Rb6 {[%emt 0:00:54]} 33. Kf3 {[%emt 0:04:16]} h5 {[%emt 0:10:33]} 34. Rg2+ {[%emt 0:01:30]} Kh6 {[%emt 0:00:18]} 35. Rg5 {[%emt 0:02:36]} Ng7 {[%emt 0:01:06]} 36. Rxd6+ {[%emt 0:00:39]} Rxd6 {[%emt 0:00:15]} 37. Nxd6 {[%emt 0:00:06]} Ra8 {[%emt 0:01:00]} 38. Nxc4 {[%emt 0:01:00]} Rxa2 {[%emt 0:00:07]} 39. Rb5 {[%emt 0:00:21]} Ra1 {[%emt 0:00:32]} 40. Rb6+ {[%emt 0:00:00]} Kh7 {[%emt 0:00:00]} 41. Ne3 {[%emt 0:00:17]} Ne8 {[%emt 0:00:58]} 42. b4 {[%emt 0:04:30]} Kg7 {[%emt 0:00:05]} 43. Nf5+ {[%emt 0:07:13]} Kf8 {[%emt 0:00:36]} 44. b5 {[%emt 0:00:50]} Nc7 {[%emt 0:00:55]} 45. Rb8+ {[%emt 0:00:11]} 1-0

[Event "2nd Irena Warakomska Memorial-A"]
[Site "Suwalki"]
[Date "2018.08.06"]
[Round "7"]
[White "Aleksandrov, Aleksej"]
[Black "Bernadskiy, Vitaliy"]
[Result "1/2-1/2"]
[WhiteElo "2585"]
[BlackElo "2544"]
[Annotator "TA"]
[PlyCount "47"]
[EventDate "2018.08.01"]
[EventType "swiss"]
[EventCountry "POL"]
[SourceTitle "playchess.com"]
[Source "ChessBase"]
[SourceQuality "1"]

{[%evp 15,47,0,0,0,0,0,-7,-11,-22,-8,30,27,16,17,30,34,39,25,41,22,41,28,15,10,18,18,25,0,16,0,0,-4,-3,-5]} 1. d4 Nf6 2. c4 g6 3. Nc3 d5 4. cxd5 Nxd5 5. e4 Nxc3 6. bxc3 Bg7 7. Nf3 c5 8. Bb5+ Nc6 {[%cal Rc5d4] LiveBook: 274 Games} 9. Rb1 {D85: Exchange Grünfeld: Unusual White 7th moves and lines with 7 Nf3} (9. d5 Qa5 10. Rb1 Bxc3+ 11. Bd2 a6 12. Bxc6+ bxc6 13. dxc6 Be6 14. Rc1 Bxd2+ 15. Qxd2 Qb5 16. Qc3 O-O-O {½-½ (33) Gupta,A (2610)-Vachier Lagrave,M (2793) Caleta 2018}) 9... O-O {[%cal Rc5d4]} 10. d5 Bxc3+ 11. Bd2 Bxd2+ 12. Qxd2 Nd4 $146 ({Predecessor:} 12... Na5 13. h4 f6 14. h5 g5 15. h6 Rf7 16. Nxg5 fxg5 17. Rh5 Qb6 18. Rxg5+ Kh8 19. Bd3 Qf6 20. Rf5 Bxf5 {0-1 (20) Skrondal,I (2190)-Fluegel,S (1600) Oslo 2009}) 13. Nxd4 cxd4 14. Qxd4 e6 15. d6 e5 16. Qd2 {[#] Strongly threatening d7.} ({Don't go for} 16. Qxe5 $2 Qa5+ 17. Ke2 a6 $19) 16... Be6 17. O-O Qf6 18. Ba4 Rfd8 $1 19. Rxb7 {[%cal Bb1b7,Bb7e7,Be7e8][%mdl 32] Black must now prevent d7.} Bc8 {[%cal Be6c8,Bc8b7,Bb7e4][%mdl 32]} 20. Re7 {aiming for Rd1.} Rxd6 21. Re8+ Kg7 {The position is equal.} 22. Qc3 Bb7 23. Rxe5 Bxe4 24. Rc5 {Precision: White = 70%, Black = 69%.} 1/2-1/2

[Event "2nd Irena Warakomska Memorial-A"]
[Site "Suwalki"]
[Date "2018.08.06"]
[Round "7"]
[White "Sadzikowski, Daniel"]
[Black "Szostko, Jakub"]
[Result "1-0"]
[WhiteElo "2575"]
[BlackElo "2299"]
[Annotator "ChessBase"]
[PlyCount "115"]
[EventDate "2018.08.01"]
[EventType "swiss"]
[EventCountry "POL"]
[SourceTitle "playchess.com"]
[Source "ChessBase"]
[SourceQuality "1"]
[TimeControl "40/5400+30:1800+30"]

1. e4 {[%emt 0:00:00]} e5 {[%emt 0:00:00]} 2. Nf3 {[%emt 0:00:00]} Nc6 {[%emt 0:00:00]} 3. Bb5 {[%emt 0:00:00]} a6 {[%emt 0:00:00]} 4. Ba4 {[%emt 0:00:00]} Nf6 {[%emt 0:00:05]} 5. O-O {[%emt 0:01:39]} Be7 {[%emt 0:00:26]} 6. Re1 {[%emt 0:01:09]} b5 {[%emt 0:00:11]} 7. Bb3 {[%emt 0:00:01]} d6 {[%emt 0:00:12]} 8. c3 {[%emt 0:00:06]} O-O {[%emt 0:00:09]} 9. h3 {[%emt 0:00:02]} Nb8 {[%emt 0:00:30]} 10. d4 {[%emt 0:00:57]} Nbd7 {[%emt 0:00:09]} 11. Bc2 {[%emt 0:00:12]} Bb7 {[%emt 0:00:43]} 12. Nbd2 {[%emt 0:00:16]} Re8 {[%emt 0:00:13]} 13. a4 {[%emt 0:04:10]} Bf8 {[%emt 0:00:36]} 14. Bd3 {[%emt 0:00:06]} c6 {[%emt 0:00:30]} 15. Qc2 {[%emt 0:02:20]} Qc7 {[%emt 0:02:38]} 16. b3 {[%emt 0:02:40]} g6 {[%emt 0:00:21]} 17. Bb2 {[%emt 0:00:13]} Nh5 {[%emt 0:00:46]} 18. Bf1 {[%emt 0:00:41]} Rac8 {[%emt 0:05:52]} 19. c4 {[%emt 0:11:29]} bxc4 {[%emt 0:19:03]} 20. bxc4 {[%emt 0:09:31]} exd4 {[%emt 0:09:36]} 21. Bxd4 {[%emt 0:05:13]} c5 {[%emt 0:04:12]} 22. Bb2 {[%emt 0:08:11]} Rb8 {[%emt 0:11:02]} 23. Nh2 {[%emt 0:05:09]} Bc6 {[%emt 0:11:26]} 24. Bc3 {[%emt 0:13:05]} Nf4 {[%emt 0:04:55]} 25. Ng4 {[%emt 0:01:32]} Ne6 {[%emt 0:02:15]} 26. Nf3 {[%emt 0:01:54]} h5 {[%emt 0:04:00]} 27. Ne3 {[%emt 0:04:29]} Nd4 {[%emt 0:00:26]} 28. Nxd4 {[%emt 0:00:22]} cxd4 {[%emt 0:00:26]} 29. Bxd4 {[%emt 0:00:04]} Rxe4 {[%emt 0:04:09]} 30. Bc3 {[%emt 0:04:22]} Nc5 {[%emt 0:03:18]} 31. a5 {[%emt 0:03:56]} Ree8 {[%emt 0:01:44]} 32. Red1 {[%emt 0:03:45]} Be4 {[%emt 0:02:18]} 33. Qe2 {[%emt 0:03:42]} Bc6 {[%emt 0:03:05]} 34. Qa2 {[%emt 0:01:55]} Ne4 {[%emt 0:02:32]} 35. Bd4 {[%emt 0:00:17]} Bg7 {[%emt 0:00:46]} 36. Bxg7 Kxg7 {[%emt 0:00:10]} 37. Qa3 {[%emt 0:03:07]} Re5 {[%emt 0:01:37]} 38. Bd3 {[%emt 0:00:13]} Nc5 {[%emt 0:00:49]} 39. Bc2 {[%emt 0:00:28]} Qe7 {[%emt 0:02:26]} 40. Qc3 {[%emt 0:00:00]} Kg8 {[%emt 0:00:00]} 41. Qd4 {[%emt 0:11:02]} Re6 {[%emt 0:07:34]} 42. Rab1 {[%emt 0:01:33]} Qc7 {[%emt 0:08:29]} 43. Rxb8+ {[%emt 0:05:21]} Qxb8 {[%emt 0:00:02]} 44. Rb1 {[%emt 0:05:42]} Qc7 {[%emt 0:00:35]} 45. f4 {[%emt 0:00:29]} Re8 {[%emt 0:10:07]} 46. Nd5 {[%emt 0:04:43]} Bxd5 {[%emt 0:00:20]} 47. Qxd5 {[%emt 0:00:01]} Kg7 {[%emt 0:05:55]} 48. Qd4+ {[%emt 0:02:00]} Kh7 {[%emt 0:01:57]} 49. f5 {[%emt 0:01:14]} Re2 {[%emt 0:00:48]} 50. Qf6 {[%emt 0:11:14]} Rxc2 {[%emt 0:01:25]} 51. fxg6+ {[%emt 0:00:13]} fxg6 {[%emt 0:00:55]} 52. Re1 {[%emt 0:00:02]} Ne4 {[%emt 0:00:54]} 53. Rxe4 {[%emt 0:00:05]} Rc1+ {[%emt 0:00:27]} 54. Kf2 {[%emt 0:00:47]} Rc2+ {[%emt 0:00:46]} 55. Kf1 {[%emt 0:01:45]} Kh6 {[%emt 0:01:24]} 56. g4 {[%emt 0:02:35]} hxg4 {[%emt 0:01:48]} 57. Qh4+ {[%emt 0:00:14]} Kg7 {[%emt 0:00:07]} 58. Re7+ {[%emt 0:00:05]} 1-0

[Event "2nd Irena Warakomska Memorial-A"]
[Site "Suwalki"]
[Date "2018.08.06"]
[Round "7"]
[White "Markowski, Tomasz"]
[Black "Punin, Andrii"]
[Result "1/2-1/2"]
[WhiteElo "2562"]
[BlackElo "2339"]
[Annotator "RC"]
[PlyCount "59"]
[EventDate "2018.08.01"]
[EventType "swiss"]
[EventCountry "POL"]
[SourceTitle "playchess.com"]
[Source "ChessBase"]
[SourceQuality "1"]
[TimeControl "40/5400+30:1800+30"]

1. c4 {[%emt 0:00:00]} c5 {[%emt 0:00:00]} 2. g3 {[%emt 0:00:00]} Nc6 {[%emt 0:00:00]} 3. Bg2 {[%emt 0:00:00]} g6 {[%emt 0:00:00]} 4. Nc3 {[%emt 0:00:00]} Bg7 {[%emt 0:00:01]} 5. Rb1 {[%emt 0:00:00]} e6 {[%emt 0:00:19]} 6. a3 {[%emt 0:00:00]} Nge7 {[%emt 0:00:29]} 7. b4 {[%emt 0:00:01]} cxb4 {[%emt 0:00:33]} 8. axb4 {[%emt 0:00:02]} O-O {[%emt 0:00:11]} 9. b5 {[%emt 0:00:28]} Na5 {[%emt 0:00:18]} 10. c5 {[%emt 0:03:15]} Rb8 {[%emt 0:00:32]} 11. Qa4 {[%emt 0:02:49]} b6 {[%emt 0:00:50]} 12. Ba3 {[%emt 0:00:11]} Bb7 {[%emt 0:06:18]} 13. Nf3 {[%emt 0:02:11]} Rc8 {[%emt 0:03:55]} 14. Bb4 {[%emt 0:06:56]} Bxf3 {[%emt 0:04:27]} 15. Bxf3 {[%emt 0:01:10]} Nc4 {[%emt 0:00:09]} 16. cxb6 {[%emt 0:28:47]} axb6 {[%emt 0:01:10]} 17. Qa2 {[%emt 0:01:14]} d5 {[%emt 0:02:46]} 18. Nd1 {[%emt 0:10:50]} Re8 {[%emt 0:03:21]} 19. O-O {[%emt 0:01:39]} Nf5 {[%emt 0:01:11]} 20. e3 {[%emt 0:00:32]} Qd7 {[%emt 0:01:37]} 21. d3 {[%emt 0:01:46]} Ncd6 {[%emt 0:04:55]} 22. Be2 {[%emt 0:05:27]} Nxb5 {[%emt 0:05:37]} 23. d4 {[%emt 0:01:32]} Nbd6 {[%emt 0:01:37]} 24. Bxd6 {[%emt 0:00:23]} Qxd6 {[%emt 0:00:23]} 25. Qb3 {[%emt 0:00:56]} Rb8 {[%emt 0:02:02]} 26. Nc3 {[%emt 0:00:11]} Rec8 {[%emt 0:02:26]} 27. Ba6 {[%emt 0:02:54]} Rc6 {[%emt 0:01:19]} 28. Bb5 {[%emt 0:00:07]} Rcc8 {[%emt 0:00:50]} 29. Ba6 {[%emt 0:00:04]} Rc6 {[%emt 0:00:30]} 30. Bb5 {[%emt 0:00:05]} 1/2-1/2

[Event "2nd Irena Warakomska Memorial-A"]
[Site "Suwalki"]
[Date "2018.08.06"]
[Round "7"]
[White "Fedorov, Alexei"]
[Black "Tomczak, Jacek"]
[Result "1/2-1/2"]
[WhiteElo "2561"]
[BlackElo "2596"]
[Annotator "TA"]
[PlyCount "27"]
[EventDate "2018.08.01"]
[EventType "swiss"]
[EventCountry "POL"]
[SourceTitle "playchess.com"]
[Source "ChessBase"]
[SourceQuality "1"]

{[%evp 19,21,26,22,10]} 1. e4 c6 2. Nc3 d5 3. Nf3 Bg4 4. h3 Bxf3 5. Qxf3 e6 6. d3 Nd7 7. g3 g6 {B11: Caro-Kann: Two Knights Variation} 8. Bg2 Bg7 9. O-O Ne7 10. Qe2 O-O {LiveBook: 19 Games} 11. f4 {Predecessor:} Qc7 $146 12. Kh1 Rae8 13. Bd2 f5 14. e5 {0-1 (42) Ahvenjarvi,J (2317)-Motylev,A (2663) Tallinn 2016} 1/2-1/2

[Event "2nd Irena Warakomska Memorial-A"]
[Site "Suwalki"]
[Date "2018.08.06"]
[Round "7"]
[White "Czarnota, Pawel"]
[Black "Godzwon, Iwo"]
[Result "1/2-1/2"]
[WhiteElo "2548"]
[BlackElo "2222"]
[Annotator "RC"]
[PlyCount "44"]
[EventDate "2018.08.01"]
[EventType "swiss"]
[EventCountry "POL"]
[SourceTitle "playchess.com"]
[Source "ChessBase"]
[SourceQuality "1"]
[TimeControl "40/5400+30:1800+30"]

1. e4 {[%emt 0:00:00]} c5 {[%emt 0:00:00]} 2. Nf3 {[%emt 0:00:00]} g6 {[%emt 0:00:00]} 3. d4 {[%emt 0:02:25]} cxd4 {[%emt 0:00:00]} 4. Qxd4 {[%emt 0:00:39]} Nf6 {[%emt 0:00:00]} 5. e5 {[%emt 0:04:48]} Nc6 {[%emt 0:00:00]} 6. Qa4 {[%emt 0:03:56]} Nd5 {[%emt 0:00:00]} 7. Qe4 {[%emt 0:04:09]} Nb6 {[%emt 0:00:12]} 8. Bf4 {[%emt 0:03:10]} Bg7 {[%emt 0:00:07]} 9. Nc3 {[%emt 0:00:52]} d5 {[%emt 0:00:10]} 10. exd6 {[%emt 0:02:53]} Bf5 {[%emt 0:00:11]} 11. Qe3 {[%emt 0:06:56]} O-O {[%emt 0:00:07]} 12. O-O-O {[%emt 0:04:24]} exd6 {[%emt 0:00:05]} 13. Rxd6 {[%emt 0:08:03]} Qc8 {[%emt 0:07:17]} 14. Qc5 {[%emt 0:03:56]} Nd7 {[%emt 0:00:41]} 15. Qa3 {[%emt 0:03:02]} Re8 {[%emt 0:02:34]} 16. Rd1 {[%emt 0:01:18]} Nb6 {[%emt 0:12:47]} 17. Be3 {[%emt 0:06:44]} Bf8 {[%emt 0:03:20]} 18. Bc5 {[%emt 0:10:33]} Bxc2 {[%emt 0:00:54]} 19. Kxc2 {[%emt 0:00:05]} Qf5+ {[%emt 0:00:02]} 20. Bd3 {[%emt 0:00:08]} Qxc5 {[%emt 0:00:10]} 21. Qxc5 {[%emt 0:00:06]} Bxc5 {[%emt 0:00:04]} 22. Rhf1 {[%emt 0:02:41]} Nb4+ {[%emt 0:02:54]} 1/2-1/2